Poirot's early cases / (Record no. 20930)
[ view plain ]
| 000 -LEADER | |
|---|---|
| fixed length control field | 01214cam a2200277 i 4500 |
| 001 - CONTROL NUMBER | |
| control field | 20930 |
| 003 - CONTROL NUMBER IDENTIFIER | |
| rucl marc code | BD-RjUL |
| 005 - DATE AND TIME OF LATEST TRANSACTION | |
| control field | 20211209000629.0 |
| 008 - FIXED-LENGTH DATA ELEMENTS--GENERAL INFORMATION | |
| fixed length control field | 140302s1974 enk 000 1 eng d |
| 020 ## - INTERNATIONAL STANDARD BOOK NUMBER | |
| International Standard Book Number | 0006138853 |
| 035 ## - SYSTEM CONTROL NUMBER | |
| System control number | (BD-RjUL)20992 |
| 040 ## - CATALOGING SOURCE | |
| Original cataloging agency | DLC |
| Transcribing agency | DLC |
| Modifying agency | DLC |
| -- | BD-RjUL |
| Language of cataloging | eng |
| 041 ## - LANGUAGE CODE | |
| Language code of text/sound track or separate title | eng |
| 082 00 - DEWEY DECIMAL CLASSIFICATION NUMBER | |
| Classification number | 823.912 |
| Author mark and year | CHP 1974 |
| 100 1# - MAIN ENTRY--PERSONAL NAME | |
| Personal name | Christie, Agatha, |
| Dates associated with a name | 1890-1976. |
| 9 (RLIN) | 64662 |
| 245 10 - TITLE STATEMENT | |
| Title | Poirot's early cases / |
| Statement of responsibility, etc. | Agatha Christie. |
| 260 ## - PUBLICATION, DISTRIBUTION, ETC. (IMPRINT) | |
| Place of publication, distribution, etc. | London : |
| Name of publisher, distributor, etc. | Collins [for] the Crime Club, |
| Date of publication, distribution, etc. | 1974. |
| 300 ## - PHYSICAL DESCRIPTION | |
| Pagination | 253 p. ; |
| Size | 22 cm. |
| 505 0# - FORMATTED CONTENTS NOTE | |
| Formatted contents note | The affair at the victory ball.--The adventure of the Clapham cook.--The Cornish mystery.--The adventure of Johnnie Waverly.--The double clue.--The lost mine.--The Plymouth Express.--The chocolate box.--The submarine plans.--The third-floor flat.--Double sin.--The market basing mystery.--Wasps' nest.--The veiled lady.--Problem at sea.--How does your garden grow? |
| 650 #0 - SUBJECT ADDED ENTRY--TOPICAL TERM | |
| Topical term or geographic name as entry element | Poirot, Hercule (Fictitious character) |
| General subdivision | Fiction. |
| 9 (RLIN) | 64663 |
| Topical term or geographic name as entry element | Private investigators |
| Geographic subdivision | England |
| General subdivision | Fiction. |
| 9 (RLIN) | 64664 |
| Topical term or geographic name as entry element | Detective and mystery stories, English. |
| 9 (RLIN) | 63843 |
| 942 ## - ADDED ENTRY ELEMENTS (KOHA) | |
| Source of classification or shelving scheme | Dewey Decimal Classification |
| Koha item type | Books |
| Lost status | Source of classification or shelving scheme | Damaged status | Not for loan | Collection code | Permanent Location | Current Location | Shelving location | Date acquired | Source of acquisition | Total Checkouts | Full call number | Date last seen | Copy number | Koha item type |
|---|---|---|---|---|---|---|---|---|---|---|---|---|---|---|
| Dewey Decimal Classification | Added to bundle | Fiction | Central Library, University of Rajshahi | Central Library, University of Rajshahi | Reading Room | 12/11/1990 | Shaukat Osman Gift | 823.912 CHP 1974 | 02/03/2014 | C-1 | Books |